000 00467nam a2200169Ia 4500
008 090711s9999 xx 000 0 und d
082 _b42353
100 _aमुसळे गोविंद
245 _aउSा माणसे
260 _c1980
300 _a196
600 _aमुसळे गोविंद
630 _aउSा माणसे
700 _aमुसळे गोविंद
730 _aउSा माणसे
942 _cBOOK
999 _c294978
_d294978